Cuando canta el caracol

Gespeichert in:
Bibliographische Detailangaben
1. Verfasser: León Sánchez, José
Format: Buch
Sprache:Undetermined
Veröffentlicht: San José, Costa Rica Edice 1970
Schlagworte:
Tags: Tag hinzufügen
Keine Tags, Fügen Sie den ersten Tag hinzu!

MARC

LEADER 00000nam a2200000Ia 4500
008 170316s9999 xx 000 0 und d
040 |a cru BVZT 
090 |a 868 L-6cu 
100 |a León Sánchez, José 
245 |a Cuando canta el caracol 
260 |a San José, Costa Rica 
260 |b Edice 
260 |c 1970 
300 |a 204 páginas 
650 |a LITERATURA COSTARRICENSE 
650 |a NOVELA 
942 |c 15 D 
999 |c 11265  |d 11265